000 00291nam a22001217a 4500
040 _cHS
082 _a381
100 _aKHUM THOEUN
245 _aBotanique forestiere :​​ រុក្ខជាតិព្រៃឈើ
260 _aRUA
_bKHUM THOEUN
_cNA
300 _a110p:
942 _cKB
999 _c10266
_d10266